Political Economy:Socialism (Record no. 19126)
[ view plain ]
| 000 -LEADER | |
|---|---|
| fixed length control field | 00242nam a22001097a 4500 |
| 082 ## - DEWEY DECIMAL CLASSIFICATION NUMBER | |
| Classification number | 3335 POL |
| 100 ## - MAIN ENTRY--PERSONAL NAME | |
| Personal name | Kozlov A. G |
| 245 ## - TITLE STATEMENT | |
| Title | Political Economy:Socialism |
| 260 ## - PUBLICATION, DISTRIBUTION, ETC. | |
| Place of publication, distribution, etc. | moscow |
| Name of publisher, distributor, etc. | progress |
| Date of publication, distribution, etc. | 1977 |
| 300 ## - PHYSICAL DESCRIPTION | |
| Extent | 487p |
| Other physical details | ill.;20CM |
| 942 ## - ADDED ENTRY ELEMENTS (KOHA) | |
| Koha item type | Books |
| Withdrawn status | Lost status | Damaged status | Not for loan | Home library | Current library | Shelving location | Date acquired | Total Checkouts | Full call number | Barcode | Date last seen | Price effective from | Koha item type |
|---|---|---|---|---|---|---|---|---|---|---|---|---|---|
| IFM Main Campus Library | IFM Main Campus Library | Archival Collection | 10/12/2017 | 3335 POL | 0000005410 | 10/12/2017 | 02/19/2022 | Books |
